Responses for show #4691 - Monday, January 17, 2005

Contestants

[<< previous game]

Barrett Hildreth, a software analyst from Portland, Oregon

Tom Stenson, a law student from Media, Pennsylvania

Bud Humphrey, an editor from Park Ridge, Illinois (whose 1-day cash winnings total $23,700)

[next game >>]

Jeopardy! Round responses

HISTORIC WOMEN
WORKING WITHOUT ANNETTE
A PIECE OF THE FRACTION
IT HAPPENED IN THE '70s
A CATEGORY FOR THE BIRDS
MISSING VOWELS
(Alex: We will give you a clue and all of the consonants, you supply the response with the missing vowels.)
    $200 1
(Barrett: What is a nurse?)

physician (or doctor)

BudBarrett
    $200 4
The Alamo

Tom
    $200 26
one tenth

Bud
    $200 8
waffles

Barrett
    $200 13
flamingos

Barrett
    $200 14
Russia

Tom
    $400 2
poison

Tom
    $400 5
(Tom: What was 1938?)

1939

BudTom
    $400 27
two-thirds

Tom
    $400 9
(Barrett: What is Elvis Presley's death?)
(Tom: What is the death of Elvis Presley's mother?)
...
(Alex: He died in the bathroom upstairs, remember?)

Elvis Presley's funeral service

TomBarrett
Triple Stumper
    $400 19
songs (calls accepted)

Bud
    $400 15
ulna

Tom
    $600 3
(Martin) Luther

Barrett
    $600 20
Grease

Bud
    $600 28
one-eighth

Barrett
    $1,000 10
(Barrett: Who is John XXIII?)
(Alex: John XXIII ruled for quite a few years. [*] was pope for only 30-some days.)

John Paul I

Barrett
    $600 23
dinosaurs

Bud
    $600 16
Amazon

Tom
    $800 6
Chester Arthur

Triple Stumper
    $800 21
"Venus"

Barrett
    $800 29
[The end-of-round signal sounds.]

one-sixth

Tom
    $800 11
a Happy Meal

Barrett
    $800 24
seagulls

Barrett
    $800 17
American Samoa

Bud
    $1000 7
Eleanor of Aquitaine

Bud
    $1000 22
(Barrett: What is Fantastic Voyage?)

Voyage to the Bottom of the Sea

Barrett
Triple Stumper
    $1000 12
Roots

Tom
    $1000 25
a great auk

Bud
    $1000 18
Amos

Tom

Scores at the first commercial break (after clue 12):

Bud Tom Barrett
$1,600 $800 $0

Scores at the end of the Jeopardy! Round:

Bud Tom Barrett
$5,200 $4,200 $1,400

Double Jeopardy! Round responses

BULGARIA
OLD-TIME RADIO
"WE" THE PEOPLE
ANTONYMS
AUTHORS
NATIONAL SPELLING BEE WORDS
(Alex: And you must spell the word in the response.)
    $400 18
wheat

Tom
    $400 14
Sam Spade

Triple Stumper
    $400 9
Wee Willie Winkie

Barrett
    $400 6
here & there

Bud
    $400 1
Westminster Abbey

Tom
    $800 19
Sofia

Barrett
    $800 15
Detroit

Tom
    $800 10
(Peter) Weir

Barrett
    $800 7
obey

Barrett
    $800 2
(L. Frank) Baum

Barrett
    $1200 20
communism

Tom
    $1200 16
Royal Canadian Mounted Police

Triple Stumper
    $1200 11
(Kurt) Weill

Bud
    $1,200 8
(Barrett: What is angelic?)

permanent

Barrett
    $1200 3
Sholom Aleichem

Bud
    $1600 21
the Black Sea

Tom
    $1600 17
(Alex: You guys are all too young to remember old-time radio.)

Grand Central Station

Triple Stumper
    $1600 23
Parson Weems

Triple Stumper
    $1600 12
hale

Bud
    $1600 4
(Bud: Who is Harlan Ellison?)

Ray Bradbury

Bud
Triple Stumper
    $1600 25
S-A-R-C-O-P-H-A-G-U-S

Bud
    $5,000 22
the Ottoman Empire

Tom
    $2000 24
the Weird Sisters

Tom
    $2000 13
pernicious

Bud
    $2000 5
(Antoine de) Saint-Exupéry

Tom
    $2000 26
(Tom: What is S-O-P-H-I-S-T-R-Y?)

L-Y-C-E-U-M

Tom
Triple Stumper

Scores at the end of the Double Jeopardy! Round:

Bud Tom Barrett
$11,600 $15,600 $3,800

[wagering suggestions for these scores]

Final Jeopardy! Round responses

WORLD MONARCHS
(Alex: "Living monarch", of course, puts it into the present as opposed to Louis XIV many, many years ago.)
BarrettWhat is South Korea?
$0
BudWhat is Thailand?
$2,500
TomWhat is Cambodia?
$7,700
Thailand (Rama IX or King Bhumbibol Adulyadej)

Final scores:

Bud Tom Barrett
$14,100 $7,900 $3,800
2-day champion: $37,800 2nd place: $2,000 3rd place: $1,000

Game dynamics:

Coryat scores:

Bud Tom Barrett
$11,600 $12,600 $6,000
15 R,
1 W
17 R
(including 1 DD),
3 W
12 R,
5 W
(including 2 DDs)

Combined Coryat: $30,200

The J! Archive is created by fans, for fans. The Jeopardy! game show and all elements thereof, including but not limited to copyright and trademark thereto, are the property of Jeopardy Productions, Inc. and are protected under law. This website is not affiliated with, sponsored by, or operated by Jeopardy Productions, Inc. Join the discussion at JBoard.tv.